000 00454nam a2200169Ia 4500
005 20250923144505.0
008 008 250917s9999 xx 000 0 eng d
037 _aTextual
040 _aDSWL
_beng
_cDSWL
041 _aeng
_2eng
084 _qDSWL
245 0 _aSocial Welfare
_cby Indian Conference of Social Work
260 _aDelhi
_bPublication Division Ministry I &
_c1954
300 _a42p.
942 _cTEXL
999 _c1439561
_d1439561